000 00409nam a2200169Ia 4500
001 24954
003 IN-NITTTR
005 20251114233318.0
008 251113s9999||||xx |||||||||||||| ||eng||
040 _beng
040 _cIN-NITTTR
041 _aeng
082 _a383.12 M749C
100 _aMonippally, Matthew
245 4 _aThe craft of business letter writing /
_cMonippally, Matthew
942 _2ddc
_cBK
999 _c27583
_d27583